UBT Library

Fundamentals of engineering drawing for technical students and professional draftsmen. (Record no. 44263)

000 -LEADER
fixed length control field 00646cam a22002411 4500
001 - CONTROL NUMBER
control field 7950128
005 - DATE AND TIME OF LATEST TRANSACTION
control field 20180307035216.0
008 - FIXED-LENGTH DATA ELEMENTS--GENERAL INFORMATION
fixed length control field 740321s1959 njua b 000 0 eng
010 ## - LIBRARY OF CONGRESS CONTROL NUMBER
LC control number 59006531
015 ## - NATIONAL BIBLIOGRAPHY NUMBER
National bibliography number GB59-8599
035 ## - SYSTEM CONTROL NUMBER
System control number (OCoLC)837366
040 ## - CATALOGING SOURCE
Original cataloging agency DLC
Transcribing agency OClU
Modifying agency OCoLC
-- Uk
-- DLC
041 ## - LANGUAGE CODE
Language code of text/sound track or separate title eng
042 ## - AUTHENTICATION CODE
Authentication code premarc
080 ## - UNIVERSAL DECIMAL CLASSIFICATION NUMBER
Universal Decimal Classification number 744.422 LUZ
082 ## - DEWEY DECIMAL CLASSIFICATION NUMBER
Classification number 744.422 LUZ
100 1# - Rafti
Rafti 27
101 ## - Shkurtesa
Shkurtesa MEK
245 10 - TITLE STATEMENT
Title Fundamentals of engineering drawing for technical students and professional draftsmen.
504 ## - BIBLIOGRAPHY, ETC. NOTE
Bibliography, etc Includes bibliography.
906 ## - LOCAL DATA ELEMENT F, LDF (RLIN)
a 7
b cbc
c oclcrpl
d u
e ncip
f 19
g y-gencatlg
942 ## - ADDED ENTRY ELEMENTS (KOHA)
Source of classification or shelving scheme
Item type Books
Holdings
Withdrawn status Lost status Source of classification or shelving scheme Damaged status Not for loan Collection code Permanent location Current location Shelving location Date acquired Total Checkouts Full call number Barcode Date last seen Price effective from Koha item type
          Koleksioni i përgjithshem UBT - Lipjan UBT - Lipjan Koleksioni i përgjithshem 03/07/2018   744.422 LUZ 002-3000978 03/07/2018 03/07/2018 Books
UBT Library © 2015-2024. All rights reserved University Education for Business and Technology